Analytické členenie vlastného imania

Guardado en:
Detalles Bibliográficos
Autor principal: Kubaščíková, Zuzana, 1982-
Formato: Capítulo de libro
Lenguaje:eslovaco
Materias:
Etiquetas: Agregar Etiqueta
Sin Etiquetas, Sea el primero en etiquetar este registro!

MARC

LEADER 00000naa a2200000 4500
001 0173671
005 20240502072947.5
041 0 |a slo 
044 |a SK 
245 1 0 |a Analytické členenie vlastného imania  |c Zuzana Kubaščíková 
610 2 0 |a účtovníctvo 
610 2 0 |a účty analytické 
610 2 0 |a imanie vlastné 
610 2 0 |a imanie základné 
100 1 |a Kubaščíková, Zuzana, 1982-